Orthographe Anglais - Statistiques

Statistiques générales
  • Ce quiz a été pris 64 fois
  • Le résultat moyen est 31 sur 89
Statistiques - réponses
Hint Réponse % Correct
café coffee
76%
oncle uncle
73%
honnête honest
69%
carotte carrot
65%
adresse address
61%
exemple example
61%
personnel personal
61%
dictionnaire dictionary
59%
diner dinner
59%
ennemi enemy
59%
développer develop
57%
bagages luggage / baggage
57%
mariage marriage
57%
traditionnel traditional
57%
bouton button
55%
coton cotton
55%
héros hero
55%
flamme flame
53%
dommages damage
51%
spécialement (e)specially
49%
chocolat chocolate
47%
compagnie company
47%
connexion connection
47%
Georges George
47%
mouvement movement
47%
confiant confident
45%
fonction function
45%
gouvernement government
45%
langage language
45%
environnement environment
43%
fonds funds
43%
futur future
43%
littérature literature
41%
prouver prove
41%
absolu absolute
39%
auteur author
39%
carrière career
39%
jaloux jealous
39%
juge judge
39%
occasionnel occasional
39%
paradoxe paradox
39%
complet complete
37%
équipement equipment
35%
négociation negociation
35%
ressource resource
35%
alcool alcohol
33%
climat climate
33%
confortable comfortable
33%
médaille medal
31%
responsable responsible
31%
agressif aggressive
29%
démocratie democracy
29%
désespéré desperate
29%
prononciation pronunciation
29%
rapport report
29%
symptome symptom
29%
banc bench
27%
immédiat immediate
27%
indépendance independence
27%
médecine medicine
27%
annoncer announce
24%
comparaison comparison
24%
fonder found
24%
fondamental fundamental
24%
recevoir receive
22%
réflexion reflection
22%
avantage advantage
20%
réparer repair
20%
enveloppe envelope
18%
garder guard
18%
mesure measure
18%
millionnaire milionaire
18%
choquer shock
18%
autorité authority
16%
honneur honour
16%
collègue colleague
14%
condamner condemn
14%
exagérer exaggerate
14%
volontaire volunteer
14%
le moral morale
12%
tendance tendency
12%
caractéristique characteristic
10%
rassurer reassure
10%
gardien guardian
8%
cimetière cemetary
6%
comité committee
4%
garantie guarantee
4%
recommander recommed
0%
trafic trafficking
0%
Aucun quiz correspondant
Distribution des résultats
% des personnes avec chaque résultat
Percentile par nombre de réponses
Votre historique - résultats
Vous n’avez pas pris ce quiz